| 000 | 00488nam a2200193Ia 4500 | ||
|---|---|---|---|
| 003 | GCL | ||
| 040 |
_aGCL / _cGCL |
||
| 082 | 0 | 4 |
_aCH _b833 _bP H |
| 100 | 1 | _aJENTNER, EDITH | |
| 245 | 1 | 0 |
_aHURRA, DAS CHRISTBIND IST DA! / _cJENTNER, EDITH |
| 700 | 1 | _aWINBLMAIR, ROSE. MARIE. | |
| 260 |
_a[S.N] : _bPESTALOZZI- VERLAG ، _c1990 |
||
| 650 | 0 | 4 | _aGERMAN LANGUAGE |
| 650 | 0 | 4 | _aCHILDREN |
| 650 | 0 | 4 | _aNOVELS |
| 650 | 0 | 4 | _aGERMAN FICTION |
| 650 | 0 | 4 | _aGERMAN LITERATURE |
| 942 |
_2ddc _cBK |
||
| 999 |
_c18014 _d18014 |
||